All Of The Girls You Loved Before - Taylor Swift Lyrics - Statistics

General Stats
  • This quiz has been taken 842 times
    819 since last reset
  • The average score is 260 of 314
Answer Stats
Lyrics % Correct
A
100%
a
100%
of
100%
the
100%
The
100%
you
100%
you,
100%
all
99%
All
99%
I
99%
before
97%
girls
97%
love
97%
loved
97%
on
97%
me
95%
so
94%
to
94%
When
94%
your
94%
Your
94%
for
93%
one
93%
in
92%
In
92%
Made
92%
made
92%
No
92%
think
90%
but
89%
But
89%
fallen
89%
and
88%
And
88%
Every
88%
I'm
88%
I've
88%
more
87%
late
86%
Now,
86%
now
86%
nights
85%
thankful
85%
you're
85%
need,
84%
need
84%
up
84%
up,
84%
some
83%
phone
82%
straight
82%
Straight
82%
that
82%
can
81%
is
81%
street
81%
over
80%
mine
79%
good
78%
name
78%
not
77%
alone
76%
dead-end
76%
goodbye
76%
fights
75%
like
75%
say
75%
remember
74%
someone,
74%
baby
73%
baby,
73%
led
73%
With
72%
call
71%
heart
71%
Lame
70%
feeling
69%
kind
68%
mother
68%
out
68%
round
68%
taught
68%
Teenage
68%
they
68%
town
68%
forever
67%
how
67%
lady,
67%
way
67%
are
66%
brought
66%
Cryin'
66%
feels
66%
loyal
66%
mornin'
66%
there's
66%
Treat
66%
dude
65%
wanna
65%
wild
65%
bathroom
64%
cannot
64%
handwriting,
64%
sixteen
64%
someone's
64%
here
63%
teach
63%
Wake
63%
lines
62%
past
62%
drawn
61%
parallel
61%
time
61%
just
60%
Whose
60%
one's
59%
amazing
57%
home,
57%
We’re
56%
We're
56%
woman
56%
knew
55%
Fake
54%
intertwined
54%
killing
54%
Stars
54%
hands,
53%
into
52%
sneakin'
52%
why
52%
aligned,
51%
it's
51%
Holdin'
50%
know
50%
Secret
50%
jokes
49%
saying
49%
that's
48%
everything
47%
makin'
47%
breakin'
45%
without
45%
makeup
44%
Ooh
43%
(Ooh)
43%
Leave
38%
No matching quizzes found
Score Distribution
Percent of People with Each Score
Percentile by Number Answered
Your Score History
You have not taken this quiz since the last reset